ARYABHATIYA OF ARYABHATA -WITH THE COMENTARY OF BHASKARA I AND SOMESVARA (Record no. 9035)

MARC details
000 -LEADER
fixed length control field 00413nam a22001457a 4500
005 - DATE AND TIME OF LATEST TRANSACTION
control field 20260226151125.0
008 - FIXED-LENGTH DATA ELEMENTS--GENERAL INFORMATION
fixed length control field 260226b |||||||| |||| 00| 0 eng d
041 ## - LANGUAGE CODE
Language code of text/sound track or separate title eng
100 ## - MAIN ENTRY--AUTHOR NAME
Personal name SHUKLA ,K.S
245 ## - TITLE STATEMENT
Title ARYABHATIYA OF ARYABHATA -WITH THE COMENTARY OF BHASKARA I AND SOMESVARA
260 ## - PUBLICATION, DISTRIBUTION, ETC. (IMPRINT)
Place of publication NEW DELHI
Name of publisher INDIAN NATIONAL SCIENCE ACADEMY
Year of publication 2016
300 ## - PHYSICAL DESCRIPTION
Number of Pages 219;P
650 ## - SUBJECT ADDED ENTRY--TOPICAL TERM
Topical Term BGP
942 ## - ADDED ENTRY ELEMENTS (KOHA)
Koha item type Books
Holdings
Lost status Damaged status Collection code Home library Current library Shelving location Date acquired Source of acquisition Cost, normal purchase price Serial Enumeration / chronology Full call number Accession Number Koha item type
    BHARTIYA GYAN PARAMPARA JRU Library JRU Library KAUTILYA BOOK SANGRAH 21/02/2026 PURCHASE 900.00 LBI/000885 DT-06-03-2026 520.954 29272 Books